000
00280nam a2200109Ia 4500
001
1276086
005
20260417160440.0
008
260417s9999 xx 000 0 und d
020
_a
9786256309128
245
0
_a
Cenk Hikayeleri - Esir
_c
Yavuz Bahadıroğlu
260
_b
Ketebe Genç
999
_c
1276086
_d
1276086